Statistics for Maple Leafs Top Scorers

Click here to take the quiz!

General Stats

  • This quiz has been taken 221 times
  • The average score is 12 of 25

Answer Stats

Hint Answer % Correct
987 pts.Mats Sundin
97%
452 pts.Doug Gilmour
85%
916 pts.Darryl Sittler
82%
441 pts.Wendel Clark
76%
858 pts.Dave Keon
75%
768 pts.Borje Salming
75%
394 pts.Phil Kessel
60%
537 pts.Rick Vaive
55%
713 pts.George Armstrong
53%
458 pts.Tim Horton
52%
597 pts.Frank Mahovlich
51%
520 pts.Tomas Kaberle
46%
459 pts.Lanny McDonald
45%
432 pts.Syl Apps
40%
560 pts.Ted Kennedy
39%
351 pts.Leonard "Red" Kelly
38%
414 pts.Ian Turnbull
34%
640 pts.Ron Ellis
33%
407 pts.Gary Leeman
31%
471 pts.Norm Ullman
24%
393 pts.John Anderson
24%
369 pts.Sid Smith
24%
563 pts.Bob Pulford
18%
351 pts.Harvey "Busher" Jackson
18%
368 pts.Ron Stewart
11%

Score Distribution

Percentile by Number Answered

Percent of People with Each Score

Your Score History

You have not taken this quiz